Most Populous State/Province by Country - Statistics

General Stats
  • This quiz has been taken 43 times
  • The average score is 8 of 12
Answer Stats
Country Population State/Province % Correct
United States 39,250,017 California
100%
Canada 13,448,494 Ontario
95%
Mexico 15,175,862 México
84%
Russia 10,382,754 Moscow
84%
Australia 7,757,800 New South Wales
84%
Spain 6,495,551 Madrid
72%
Brazil 44,035,304 São Paulo
72%
India 199,812,341 Uttar Pradesh
49%
China 104,303,132 Guangdong
44%
Italy 10,008,349 Lombardy
42%
Germany 17,837,000 North Rhine-Westphalia
28%
South Africa 12,272,263 Gauteng
19%
No matching quizzes found
Score Distribution
Percent of People with Each Score
Percentile by Number Answered
Your Score History
You have not taken this quiz